| 000 | 00374nam a2200109Ia 4500 | ||
|---|---|---|---|
| 008 | 171204s9999 xx 000 0 und d | ||
| 245 | _aMobility and Locative Media: Mobile Communication in Hybrid Spaces: | ||
| 245 | _cAdriana de Souza e Silva and Mimi Sheller | ||
| 260 | _c2014 | ||
| 650 | _xCOMMUNICATION TECHNOLOGY | ||
| 856 | _uhttp://down.ebook777.com/058/1138778133.pdf | ||
| 999 |
_c346038 _d346038 |
||